Účastníci trhu s poľnohospodárskymi produktmi sa správali trhovo, doplatili na to spotrebitelia
Štúdia Výskumného ústavu ekonomiky poľnohospodárstva a potravinárstva z januára a februára 1995. Analýza a predpokladaný vývoj spotrebiteľských cien mlieka, bravčového a hydinového mäsa.
Enregistré dans:
| Auteur principal: | |
|---|---|
| Autres auteurs: | |
| Format: | Chapitre de livre |
| Langue: | slovaque |
| Sujets: | |
| Tags: |
Pas de tags, Soyez le premier à ajouter un tag!
|
MARC
| LEADER | 00000naa a2200000 4500 | ||
|---|---|---|---|
| 001 | r018416 | ||
| 005 | 20221205103138.1 | ||
| 041 | 0 | |a slo | |
| 044 | |a SK | ||
| 245 | 1 | 0 | |a Účastníci trhu s poľnohospodárskymi produktmi sa správali trhovo, doplatili na to spotrebitelia |c Viera Ižáková, M. Božík |
| 520 | |a Štúdia Výskumného ústavu ekonomiky poľnohospodárstva a potravinárstva z januára a februára 1995. Analýza a predpokladaný vývoj spotrebiteľských cien mlieka, bravčového a hydinového mäsa. | ||
| 610 | 2 | 0 | |a Slovensko |
| 610 | 2 | 0 | |a výrobky poľnohospodárske |
| 610 | 2 | 0 | |a mlieko |
| 610 | 2 | 0 | |a mäso |
| 610 | 2 | 0 | |a ceny maloobchodné |
| 610 | 2 | 0 | |a prognózy hospodárske |
| 610 | 2 | 0 | |a analýza ekonomická |
| 610 | 2 | 0 | |a výroba živočíšna |
| 100 | 1 | |a Ižáková, Viera | |
| 700 | 1 | |a Božík, Marian | |